000
00308nam a22001217a 4500
008
180420b xxu||||| |||| 00| 0 eng d
041
_a
eng
080
_a
043.3
100
_a
0
101
_a
MK-BTH
245
_a
Gjuha e urrejtjes në portalet gjatëzgjedhjeve: Rasti i Kosovës
_c
Bujupaj,E
942
_2
udc
_c
BK
999
_c
45345
_d
45345